[Event "Ch Club Espanol"]
[Site "Buenos Aires (Argentina)"]
[Round "0"]
[White "Liascovich Lucas (ARG)"]
[Black "Etcheguia Tristan (ARG)"]
[Result "1-0"]
[WhiteElo "2209"]
[BlackElo "2225"]

1.e4 c6 2.d4 d5 3.Nc3 dxe4 4.Nxe4 Bf5 5.Ng3 Bg6 6.h4 h6 7.f4 e6 8.Nf3 Nd7 9.h5
Bh7 10.Bd3 Bxd3 11.Qxd3 Qc7 12.Bd2 O-O-O 13.Qe2 Bd6 14.Ne5 Bxe5 15.dxe5 Ne7
16.O-O-O Kb8 17.Ne4 Nc8 18.Rh3 Ndb6 19.Rb3 Rd4 20.c3 Rd7 21.c4 Rd4 22.c5 Nd5
23.Nd6 Nxd6 24.cxd6 Qd7 25.Be3 Rxd1+ 26.Qxd1 f5 27.Bd2 Rf8 28.g4 fxg4 29.Qxg4
b6 30.Rg3 Rf7 31.f5 Rxf5 32.Qxg7 Rf1+ 33.Kc2 Rf7 34.Qxh6 c5 35.b3 c4 36.Qg6
cxb3+ 37.axb3 Qc6+ 38.Rc3 Qd7 39.Qg8+ Kb7 40.Qg2 Qb5 41.h6 Ka6 42.Rc4 Qd7
43.Kb2 b5 44.Rc5 Qb7 45.b4 Kb6 46.Qg1 {#r} 1-0

[Event "It (open)"]
[Site "Clermont-Ferrand (France)"]
[Round "6"]
[White "Fantin Alison (FRA)"]
[Black "Duluc Jeremie (FRA)"]
[Result "1/2-1/2"]
[WhiteElo "1877"]
[BlackElo "2139"]

1.e4 c6 2.d4 d5 3.Nc3 dxe4 4.Nxe4 Bf5 5.Ng3 Bg6 6.h4 h6 7.f4 e6 8.Nf3 Nf6 9.h5
Bh7 10.Bd3 Bxd3 11.Qxd3 Nbd7 12.Bd2 c5 13.O-O-O Qc7 14.Ne5 cxd4 15.Qxd4 Rc8
16.Bc3 b5 17.Qd2 b4 18.Bd4 Bd6 19.Rhe1 O-O 20.Kb1 Rfd8 21.Qe2 Bc5 22.Nxd7 Bxd4
23.Rxd4 Rxd7 24.Rxd7 Qxd7 25.Rd1 Qc7 26.Qd2 Nd5 27.Ne2 Ne3 28.Rc1 Nxg2 29.Qxb4
Ne3 30.Qe4 Qb6 31.b3 Nd5 32.Kb2 Qf2 33.a4 a5 34.Rg1 Ne3 35.Qe5 Rxc2+ 36.Kb1 f6
37.Qxe6+ Kf8 38.Qd6+ Ke8 39.Qe6+ Kf8 40.Qd6+ Ke8 {#d} 1/2-1/2

[Event "Ch Argentina (1/2 final)"]
[Site "Ezeiza (Argentina)"]
[Round "2"]
[White "Sanfilippo Dante (ARG)"]
[Black "Baracat Ciro (ARG)"]
[Result "0-1"]
[WhiteElo "2050"]
[BlackElo "2186"]

1.e4 c6 2.d4 d5 3.Nd2 dxe4 4.Nxe4 Bf5 5.Ng3 Bg6 6.h4 h6 7.f4 e6 8.Nf3 Nd7 9.h5
Bh7 10.Bd3 Bxd3 11.Qxd3 Ngf6 12.Bd2 Qc7 13.O-O-O O-O-O 14.Ne4 Nxe4 15.Qxe4 Nf6
16.Qe2 c5 17.dxc5 Bxc5 18.Ne5 Rd6 19.Rh3 Nd5 20.Qc4 Rf8 21.f5 f6 22.Ng6 Rfd8
23.fxe6 Ne3 24.Rxe3 Bxe3 25.Qxc7+ Kxc7 26.e7 Bxd2+ 27.Rxd2 Rxd2 28.exd8=Q+
Rxd8 29.Nf4 Rd6 30.c4 Rc6 31.b3 Kd6 32.Kd2 Rc5 33.Ke3 Re5+ 34.Kd4 Rg5 35.b4 b6
36.a4 Rg3 37.c5+ bxc5+ 38.bxc5+ Kc6 39.Nd3 Rg4+ 40.Kc3 Rxa4 41.Kb3 Rd4 {#R}
0-1

[Event "It (cat.11)"]
[Site "Lippstadt (Germany)"]
[Round "11"]
[White "Wehmeier Stefan (GER)"]
[Black "Dautov Rustem (GER)"]
[Result "0-1"]
[WhiteElo "2390"]
[BlackElo "2606"]

1.e4 c6 2.d4 d5 3.Nd2 dxe4 4.Nxe4 Bf5 5.Ng3 Bg6 6.h4 h6 7.f4 e6 8.Nf3 Nd7 9.h5
Bh7 10.Bd3 Bxd3 11.Qxd3 Ngf6 12.Bd2 Qc7 13.O-O-O c5 14.Qe2 Bd6 15.Ne4 Bxf4
16.Nxf6+ Nxf6 17.Qb5+ Ke7 18.Bxf4 Qxf4+ 19.Kb1 Qc7 20.dxc5 Rhd8 21.Nd4 Rac8
22.Nb3 Rxd1+ 23.Rxd1 b6 24.Rd4 bxc5 25.Rc4 Nd7 26.Nxc5 a6 27.Qxa6 Nxc5 28.Qa3
Qd6 29.b4 Rb8 30.Qa7+ Nd7 31.a3 Qb6 32.Qa4 Nc5 {#R} 0-1

[Event "Ch Commonwealth"]
[Site "Sangli (India)"]
[Round "3"]
[White "Reefat Bin-Sattar (BAN)"]
[Black "Prakash G B (IND)"]
[Result "0-1"]
[WhiteElo "2467"]
[BlackElo "2429"]

1.e4 c6 2.d4 d5 3.Nc3 dxe4 4.Nxe4 Bf5 5.Ng3 Bg6 6.h4 h6 7.f4 e6 8.Nf3 Nd7 9.h5
Bh7 10.Bd3 Bxd3 11.Qxd3 Qc7 12.Bd2 O-O-O 13.Qe2 c5 14.O-O-O Ngf6 15.Kb1 Kb8
16.c4 cxd4 17.Nxd4 Nb6 18.Nb5 Qxc4 19.Qe5+ Bd6 20.Nxd6 Qd3+ 21.Ka1 Qxd6 22.Bb4
Qxe5 23.fxe5 Nfd5 24.Bd6+ Ka8 25.Ne4 Nc4 26.Rd4 Nxd6 27.Nxd6 Rd7 28.Re1 Rhd8
29.a3 f6 30.Nc4 f5 31.Red1 Kb8 32.R1d3 Kc7 33.Rg3 Re7 34.Nd6 Rxd6 35.exd6+
Kxd6 36.Rc4 e5 37.Rc8 e4 38.Rd8+ Ke5 {#R} 0-1

[Event "Ch Georgia (juniors) (under 20)"]
[Site "Tbilisi (Georgia)"]
[Round "0"]
[White "Paresishvili Giorgi (GEO)"]
[Black "Gaprindashvili Valeriane (GEO)"]
[Result "1/2-1/2"]
[WhiteElo "2208"]
[BlackElo "2459"]

1.e4 c6 2.d4 d5 3.Nc3 dxe4 4.Nxe4 Bf5 5.Ng3 Bg6 6.h4 h6 7.f4 e6 8.Nf3 Nf6 9.h5
Bh7 10.Bd3 Bxd3 11.Qxd3 Nbd7 12.Bd2 Bd6 13.O-O-O Qc7 14.Ne5 Rd8 15.Qf3 c5
16.Nxd7 Rxd7 17.dxc5 Qxc5 18.Ne4 Qc4 19.Nxf6+ gxf6 20.Kb1 Ke7 21.Bc3 Rhd8
22.Rd4 Qc6 23.Ba5 Bc7 24.Bb4+ Ke8 25.Rxd7 Kxd7 26.Qf2 Qc4 27.Bc3 Qxf4 28.Qxa7
Kc6 29.Qg1 Qe4 30.Qf2 Rg8 31.Re1 Rxg2 32.Qxf6 Re2 33.Rxe2 Qxe2 34.Qxh6 Qd1+
35.Qc1 Qxh5 36.Qe1 Qd5 37.Bf6 e5 38.a4 Kd7 39.Qe2 Ke6 40.Bg5 f6 41.Qg4+ f5
42.Qh5 Qd7 43.Qg6+ Kd5 44.Bh4 e4 45.Qg8+ Ke5 46.Bg3+ Kd4 47.Qh8+ Kd5 48.Qg8+
Kd4 49.Qh8+ {#d} 1/2-1/2

[Event "Memorial J.Capablanca (c) (cat.8)"]
[Site "Varadero (Cuba)"]
[Round "4"]
[White "De La Paz Frank (CUB)"]
[Black "Arencibia Juan Joel (CUB)"]
[Result "1/2-1/2"]
[WhiteElo "2436"]
[BlackElo "2418"]

1.e4 c6 2.d4 d5 3.Nd2 dxe4 4.Nxe4 Bf5 5.Ng3 Bg6 6.h4 h6 7.f4 e6 8.Nf3 Nd7 9.h5
Bh7 10.Bd3 Bxd3 11.Qxd3 Qc7 12.Bd2 O-O-O 13.Qe2 c5 14.Ne5 Nxe5 15.dxe5 Ne7
16.O-O-O Nc6 17.Bc3 Be7 18.Qg4 Nb4 19.Bxb4 cxb4 20.Qxg7 Qc4 21.Kb1 Qxf4
22.Rdf1 Rhg8 23.Qxg8 Qxf1+ 24.Rxf1 Rxg8 25.Rxf7 Rxg3 26.Rxe7 Rxg2 27.a3 bxa3
28.Rxe6 Rxc2 29.bxa3 Re2 {#d} 1/2-1/2

[Event "It (cat.8)"]
[Site "Alushta (Ukraine)"]
[Round "0"]
[White "Gasanov Eldar (UKR)"]
[Black "Itkis Boris (ROM)"]
[Result "0-1"]
[WhiteElo "2440"]
[BlackElo "2472"]

1.e4 c6 2.d4 d5 3.Nc3 dxe4 4.Nxe4 Bf5 5.Ng3 Bg6 6.h4 h6 7.f4 e6 8.Nf3 Nd7 9.h5
Bh7 10.Bd3 Bxd3 11.Qxd3 Ngf6 12.Bd2 Qc7 13.Ne5 c5 14.O-O-O cxd4 15.Qxd4 Rc8
16.Bc3 Nxe5 17.fxe5 Nd5 18.Ne4 Nxc3 19.Nxc3 Bc5 20.Qa4+ Qc6 21.Qxc6+ Rxc6
22.Rh3 O-O 23.Rd7 Bb6 24.Rxb7 Rd8 25.Rf3 Rc7 26.Rxc7 Bxc7 27.Nb5 Bxe5 28.Nxa7
Rd4 29.Nc6 Bf4+ 30.Rxf4 Rxf4 31.b4 Kf8 32.b5 Rc4 33.Kb2 Ke8 34.Kb3 Rc5 35.c4
Kd7 36.Nb8+ Kc8 37.Na6 Rxh5 38.c5 Kb7 39.Kb4 e5 40.c6+ Kb6 41.c7 Kb7 42.b6 e4
43.Nc5+ Kc8 44.Na4 e3 45.Nc3 Re5 46.Ne2 Re6 {#R} 0-1

[Event "Ch World (amateurs)"]
[Site "Bento Goncalves (Brazil)"]
[Round "9"]
[White "Benggawan Amanda (CAN)"]
[Black "Molina Roberto Junio Brito (BRA)"]
[Result "1-0"]
[WhiteElo "2062"]
[BlackElo "2419"]

1.e4 c6 2.d4 d5 3.Nd2 dxe4 4.Nxe4 Bf5 5.Ng3 Bg6 6.h4 h6 7.f4 e6 8.Nf3 Bd6
9.Bd3 Bxd3 10.Qxd3 Nf6 11.Bd2 Qc7 12.Ne5 Na6 13.Ne4 Nxe4 14.Qxe4 O-O-O 15.Nc4
Bb4 16.c3 Be7 17.Qe5 Bf6 18.Qxc7+ Kxc7 19.Ne5 Rhf8 20.Be3 Kc8 21.O-O-O Nc7
22.c4 h5 23.Bf2 g6 24.Rhe1 a6 25.Re2 Ne8 26.Rc2 Nc7 27.Be1 Be7 28.g3 c5 29.Bf2
cxd4 30.Bxd4 Bf6 31.Re2 Bxe5 32.fxe5 Rd7 33.Bc5 Rfd8 34.Bd6 Ne8 35.c5 Ng7
36.Rd3 Nf5 37.Rf2 Nh6 38.Rc2 Ng4 39.c6 bxc6 40.Rxc6+ Kb7 41.Rc4 Nh6 42.Rb3+
Ka7 43.Rc6 Rb7 44.Ra3 Rb5 45.Raxa6+ Kb7 46.a4 Rb3 47.Kc2 Rxg3 48.Rcb6+ Kc8
49.Ra8+ Kd7 50.Rb7+ Ke8 51.Re7+ {#r} 1-0

[Event "It (cat.4)"]
[Site "Donskoj (Russia)"]
[Round "6"]
[White "Brikov Illarion (RUS)"]
[Black "Bets Anatolij (MDA)"]
[Result "0-1"]
[WhiteElo "2327"]
[BlackElo "2376"]

1.e4 c6 2.d4 d5 3.Nc3 dxe4 4.Nxe4 Bf5 5.Ng3 Bg6 6.h4 h6 7.f4 e6 8.h5 Bh7 9.Nf3
Nf6 10.Bd3 Bxd3 11.Qxd3 Bd6 12.Bd2 Nbd7 13.Qe2 Qc7 14.Ne5 Rd8 15.O-O-O O-O
16.Ne4 Nxe4 17.Qxe4 c5 18.Ng4 cxd4 19.Qxd4 f5 20.Nf2 Rc8 21.Bc3 Bxf4+ 22.Kb1
Nb6 23.Nd3 Bg5 24.Qf2 Nd5 25.Be5 Qa5 26.Rhe1 Rc6 27.Bd4 Rfc8 28.c3 b5 29.a3
Qa4 30.Ne5 Ra6 31.Qf3 Qb3 32.Nd3 Rxa3 33.Nc5 Rxc5 34.Bxc5 Nxc3+ 35.Qxc3 Qa2+
36.Kc2 Rxc3+ {#R} 0-1

[Event "Ch France (team) (nat.3) 2001"]
[Site "France"]
[Round "8"]
[White "Bollengier Thierry (FRA)"]
[Black "Le Roux Jean-Pierre (FRA)"]
[Result "1-0"]
[WhiteElo "2184"]
[BlackElo "2329"]

1.e4 c6 2.d4 d5 3.Nc3 dxe4 4.Nxe4 Bf5 5.Ng3 Bg6 6.h4 h6 7.f4 e6 8.Nf3 Nd7 9.h5
Bh7 10.Bd3 Bxd3 11.Qxd3 Qc7 12.Bd2 O-O-O 13.Qe2 c5 14.O-O-O Ngf6 15.Ne5 Nb6
16.dxc5 Bxc5 17.Kb1 Kb8 18.c4 Rc8 19.Ba5 Qe7 20.b3 Rhd8 21.Bc3 Bd6 22.Rd3 Bc7
23.Rhd1 Rxd3 24.Rxd3 Ka8 25.Qd2 Ne8 26.Nd7 Nxd7 27.Rxd7 Qh4 28.Ne2 Qxh5 29.Re7
Qg4 30.Qd7 Nd6 31.Be5 Qxe2 32.Bxd6 Qd1+ 33.Kb2 Qxd6 34.Qxc8+ {#r} 1-0

[Event "Ch Hungary (team) 2000/01"]
[Site "Hungary"]
[Round "11"]
[White "Hansen Soren Bech (DEN)"]
[Black "Binder Tamas (HUN)"]
[Result "1/2-1/2"]
[WhiteElo "2316"]
[BlackElo "2282"]

1.e4 c6 2.d4 d5 3.Nc3 dxe4 4.Nxe4 Bf5 5.Ng3 Bg6 6.h4 h6 7.f4 e6 8.Nf3 Nd7 9.h5
Bh7 10.Bd3 Bxd3 11.Qxd3 Ngf6 12.Bd2 Qc7 13.O-O-O Bd6 14.Ne5 c5 15.Nxd7 Qxd7
16.dxc5 Bxc5 17.Qxd7+ Nxd7 18.f5 e5 19.Ne4 O-O-O 20.Rh3 Be7 21.Ba5 b6 22.Bc3
Nf6 23.Nxf6 Bxf6 24.Rxd8+ Rxd8 25.Rd3 Bg5+ 26.Kd1 Re8 27.Ke2 e4 28.Rd5 f6
29.a4 Kc7 30.Bb4 Bf4 31.c4 Kc6 32.b3 Bh2 33.Bd2 a5 34.Be3 Rb8 35.Kf2 Be5 36.g3
Bc7 37.Bf4 Bxf4 38.gxf4 e3+ 39.Kxe3 Re8+ 40.Kd3 Re1 41.Rb5 Rd1+ 42.Ke3 Re1+
43.Kf3 Rf1+ 44.Ke3 {#d} 1/2-1/2

[Event "It (open)"]
[Site "Polanica Zdroj (Poland)"]
[Round "2"]
[White "Kadziolka Beata (POL)"]
[Black "Czarnota Dorota (POL)"]
[Result "1-0"]
[WhiteElo "2193"]
[BlackElo "2099"]

1.e4 c6 2.d4 d5 3.Nc3 dxe4 4.Nxe4 Bf5 5.Ng3 Bg6 6.h4 h6 7.f4 e6 8.Nf3 Nd7 9.h5
Bh7 10.Bd3 Bxd3 11.Qxd3 Qc7 12.Bd2 Ngf6 13.Ne5 Nb6 14.O-O-O O-O-O 15.Kb1 Bd6
16.Qe2 Rhe8 17.c4 Bf8 18.Be3 Kb8 19.Rc1 Ka8 20.Rhd1 Re7 {#r} 1-0

[Event "Memorial G.Garcia (b)"]
[Site "Santa Clara (Cuba)"]
[Round "8"]
[White "De La Paz Frank (CUB)"]
[Black "Cuartas Jaime Alexander (COL)"]
[Result "0-1"]
[WhiteElo "2431"]
[BlackElo "2435"]

1.e4 c6 2.d4 d5 3.Nc3 dxe4 4.Nxe4 Bf5 5.Ng3 Bg6 6.h4 h6 7.f4 e6 8.Nf3 Nd7 9.h5
Bh7 10.Bd3 Bxd3 11.Qxd3 Ngf6 12.Bd2 Bd6 13.O-O-O Qc7 14.Ne5 Rd8 15.Qf3 c5
16.Nxd7 Rxd7 17.dxc5 Qxc5 18.Bc3 Qc4 19.Be5 Bxe5 20.fxe5 Qxa2 21.c3 Nd5 22.Rd4
O-O 23.Rhd1 Rfd8 24.Ne4 Nb4 25.Rxb4 Rxd1+ 26.Kc2 a5 27.Rxb7 Qb1+ 28.Kb3 a4+
29.Kc4 Qa2+ 30.b3 R1d7 31.Nf6+ gxf6 32.Qg3+ Kf8 33.Rxd7 Rxd7 34.exf6 Qxb3+
35.Kc5 Qd5+ {#R} 0-1

[Event "It (open)"]
[Site "Trignac (France)"]
[Round "1"]
[White "Delorme Alban (FRA)"]
[Black "Gaprindashvili Valeriane (GEO)"]
[Result "0-1"]
[WhiteElo "2076"]
[BlackElo "2476"]

1.e4 c6 2.d4 d5 3.Nc3 dxe4 4.Nxe4 Bf5 5.Ng3 Bg6 6.h4 h6 7.f4 e6 8.Nf3 Bd6 9.h5
Bh7 10.Bd3 Bxd3 11.Qxd3 Nf6 12.Bd2 Qc7 13.Ne5 Nbd7 14.O-O-O Rf8 15.Kb1 O-O-O
16.Qf3 Kb8 17.Nc4 Nb6 18.Nxd6 Qxd6 19.f5 Ka8 20.Bf4 Qd5 21.Rhe1 exf5 22.Be5
Qxf3 23.gxf3 Nbd7 24.Bd6 Rg8 25.Re7 Nb6 26.Be5 f4 27.Nf5 Nxh5 28.Rxf7 Rd7
29.Rxd7 Nxd7 30.Ne7 Rd8 31.Re1 Re8 32.Ng6 Re6 33.Rg1 Nxe5 34.dxe5 Ng3 35.Nxf4
Rxe5 36.Nd3 Rg5 37.f4 Rg4 38.b3 h5 39.Nf2 Ne2 40.Re1 Rg1 41.Rxg1 Nxg1 42.c3
Ne2 43.Nd3 h4 44.Kc2 h3 45.Nf2 Nxf4 46.Kd2 h2 47.c4 Nh5 48.Ke3 Ng3 49.Kf3
h1=Q+ 50.Nxh1 Nxh1 51.Kg2 Kb8 52.Kxh1 Kc7 53.Kg2 Kd6 54.Kg3 Kc5 {#R} 0-1

[Event "Ch Hungary (open)"]
[Site "Zalakaros (Hungary)"]
[Round "9"]
[White "Pergel Laszlo (HUN)"]
[Black "Bereczki Janos (HUN)"]
[Result "1-0"]
[WhiteElo "2312"]
[BlackElo "2158"]

1.e4 c6 2.d4 d5 3.Nd2 dxe4 4.Nxe4 Bf5 5.Ng3 Bg6 6.h4 h6 7.f4 e6 8.Nf3 Nd7 9.h5
Bh7 10.Bd3 Bxd3 11.Qxd3 Qc7 12.Bd2 Bd6 13.Ne5 Ngf6 14.O-O-O Rf8 15.Kb1 O-O-O
16.Qf3 c5 17.c3 Kb8 18.Rhe1 Ka8 19.Nf1 cxd4 20.cxd4 Nb6 21.Ne3 Qe7 22.Ba5 Bb4
23.Bxb6 Bxe1 24.Bxd8 Qxd8 25.Rxe1 Qxd4 26.Rd1 Qb6 27.Nd7 Nxd7 28.Rxd7 Rd8
29.Qxb7+ {#r} 1-0

[Event "Ch Spain (open)"]
[Site "Ayamonte (Spain)"]
[Round "3"]
[White "Colas Longares Rafael P (ESP)"]
[Black "Gomez Esteban Juan Mario (ESP)"]
[Result "1/2-1/2"]
[WhiteElo "2339"]
[BlackElo "2495"]

1.e4 c6 2.Nc3 d5 3.d4 dxe4 4.Nxe4 Bf5 5.Ng3 Bg6 6.h4 h6 7.f4 e6 8.Nf3 Nd7 9.h5
Bh7 10.Bd3 Bxd3 11.Qxd3 Ngf6 12.Bd2 Qc7 13.Qe2 c5 14.O-O-O Be7 15.Kb1 O-O
16.Ne4 cxd4 17.Nxd4 Rfd8 18.Bc1 Nxe4 19.Qxe4 Nf6 20.Qe2 Qb6 21.Nf3 Rxd1
22.Rxd1 Rd8 23.Rxd8+ Bxd8 24.Ne5 Bc7 25.Nd3 Nd5 26.Qf3 Qc6 27.Qd1 Nf6 28.g4
Qg2 29.g5 hxg5 30.fxg5 Ne4 31.Nf4 Qxg5 32.Nxe6 Nc3+ 33.bxc3 Qb5+ 34.Ka1 fxe6
35.Be3 Ba5 36.Bd2 Bd8 37.h6 gxh6 38.Bxh6 Bf6 39.Qf3 Qf5 40.Qg2+ Kh7 41.Bd2
Qxc2 42.Qxb7+ Kg6 43.Qg2+ Kf7 44.Qb7+ Be7 45.Qf3+ Qf5 46.Qe3 Bc5 47.Qf4 Qxf4
48.Bxf4 Kf6 49.Kb2 Kf5 50.Bh2 Ke4 51.Kb3 Kd3 52.Be5 Be3 53.Bb8 Bc5 54.Bh2 Be7
55.Be5 a6 56.Ka4 Bd8 57.Kb4 Ke4 58.Bd6 Kd5 59.Bg3 Kc6 60.Kc4 Bf6 61.Kd3 Kb5
62.Bd6 Kc6 {#d} 1/2-1/2

[Event "It (open)"]
[Site "Baunatal (Germany)"]
[Round "6"]
[White "Mai Philipp (GER)"]
[Black "Nazarenus Moritz (GER)"]
[Result "1-0"]
[WhiteElo "2273"]
[BlackElo "2117"]

1.e4 c6 2.d4 d5 3.Nd2 dxe4 4.Nxe4 Bf5 5.Ng3 Bg6 6.h4 h6 7.f4 e6 8.h5 Bh7 9.Nf3
c5 10.Be3 Nf6 11.Bb5+ Nbd7 12.c4 Qa5+ 13.Qd2 Qxd2+ 14.Kxd2 O-O-O 15.Bxd7+ Nxd7
16.Kc3 Be7 17.Rad1 Kb8 18.dxc5 Bf6+ 19.Kb3 Kc7 20.Ka3 Be7 21.Ne5 Nxe5 22.fxe5
Bc2 23.Rd6 Bxd6 24.cxd6+ Kd7 25.c5 Bh7 26.b4 Ra8 27.Kb3 Rhe8 28.Rf1 Rf8 29.a4
a6 30.Bd4 Rab8 31.Rc1 Rfc8 32.Rf1 Rf8 33.Rf3 Ra8 34.Bb2 Rab8 35.Bd4 Ra8 36.Rf2
Rab8 37.Rf4 Ra8 38.Ka3 Rab8 39.Kb3 Ra8 40.Ne2 Bd3 41.Nc3 Bh7 42.b5 Bd3 43.Kb4
axb5 44.axb5 Bc2 45.Rf2 Bf5 46.Na4 Rxa4+ 47.Kxa4 Be4 48.Ka5 Bd5 49.Kb6 Be4
50.Ra2 Rb8 51.Ra7 Kd8 52.g4 Bd5 53.Bf2 g5 54.Be3 Bf3 55.Bxg5+ hxg5 56.h6 Be4
57.h7 Bxh7 58.Rxb7 Rxb7+ 59.Kxb7 Be4+ 60.c6 {#r} 1-0

[Event "It (open)"]
[Site "Creon (France)"]
[Round "9"]
[White "Mullon Jean-Baptiste (FRA)"]
[Black "Schuurman Petra (NED)"]
[Result "1-0"]
[WhiteElo "2313"]
[BlackElo "2289"]

1.e4 c6 2.d4 d5 3.Nc3 dxe4 4.Nxe4 Bf5 5.Ng3 Bg6 6.h4 h6 7.f4 e6 8.Nf3 Nd7 9.h5
Bh7 10.Bd3 Bxd3 11.Qxd3 Ngf6 12.Bd2 c5 13.O-O-O Qc7 14.Ne5 cxd4 15.Qxd4 Bc5
16.Qc4 Rc8 17.Nxd7 Qxd7 18.Kb1 O-O 19.f5 exf5 20.Bxh6 Qe6 21.Qf4 Nh7 22.Bg5
Nxg5 23.Qxg5 Be3 24.Qxf5 Qb6 25.Qg4 Qc5 26.Nf5 Qxc2+ 27.Ka1 Bd4 28.Nxd4 Rc4
29.h6 g6 30.h7+ Kh8 31.Qf4 {#r} 1-0

[Event "It (open)"]
[Site "Dresden (Germany)"]
[Round "7"]
[White "Reefat Bin-Sattar (BAN)"]
[Black "Gustafsson Jan (GER)"]
[Result "0-1"]
[WhiteElo "2450"]
[BlackElo "2566"]

1.e4 c6 2.d4 d5 3.Nc3 dxe4 4.Nxe4 Bf5 5.Ng3 Bg6 6.h4 h6 7.f4 e6 8.Nf3 Nd7 9.h5
Bh7 10.Bd3 Bxd3 11.Qxd3 Ngf6 12.Bd2 Qc7 13.Ne5 c5 14.O-O-O cxd4 15.Qxd4 Bc5
16.Qa4 O-O 17.Nxd7 Nxd7 18.Ne4 Be7 19.Rh3 Nb6 20.Qb3 Rfd8 21.Rc3 Qd7 22.Nf2
Nd5 23.Rd3 Qc6 24.Ng4 Nf6 25.Nxf6+ Bxf6 26.g4 Rxd3 27.Qxd3 Qg2 28.Be3 Qxg4
29.Qb3 b6 30.a4 Qxh5 {#R} 0-1

[Event "It (open)"]
[Site "Dresden (Germany)"]
[Round "9"]
[White "Reefat Bin-Sattar (BAN)"]
[Black "Schlemmermeyer Wilhelm (GER)"]
[Result "1/2-1/2"]
[WhiteElo "2450"]
[BlackElo "2345"]

1.e4 c6 2.d4 d5 3.Nc3 dxe4 4.Nxe4 Bf5 5.Ng3 Bg6 6.h4 h6 7.f4 e6 8.Nf3 Nd7 9.h5
Bh7 10.Bd3 Bxd3 11.Qxd3 Ngf6 12.Bd2 Qc7 13.O-O-O c5 14.Qe2 Bd6 15.Nf5 Bxf4
16.Nxg7+ Kf8 17.Nxe6+ fxe6 18.Rhf1 Ke7 19.Nh4 Bxd2+ 20.Rxd2 Rag8 21.d5 Qe5
22.d6+ Kf7 23.Qb5 Kg7 24.Rxf6 Qxf6 25.Qxd7+ Qf7 26.Qb5 Rf8 27.Nf3 Qxh5 28.d7
b6 29.Qc6 Rd8 30.Qxe6 Rhf8 31.b3 Qf5 32.Qe7+ Qf7 33.Qe5+ Qf6 34.Qg3+ Kh7
35.Ne5 Rg8 36.Qd3+ Kh8 37.Qe3 Rg5 38.Rd5 Rxe5 39.Qxe5 {#d} 1/2-1/2

[Event "It (open)"]
[Site "Guingamp (France)"]
[Round "1"]
[White "Grignard Gildas (FRA)"]
[Black "Theon Pierre (FRA)"]
[Result "0-1"]
[WhiteElo "1753"]
[BlackElo "2209"]

1.e4 c6 2.d4 d5 3.Nc3 dxe4 4.Nxe4 Bf5 5.Ng3 Bg6 6.h4 h6 7.f4 e6 8.Nf3 Nd7
9.Bd3 Bxd3 10.Qxd3 Ngf6 11.Bd2 Qc7 12.O-O-O c5 13.Rde1 c4 14.Qe2 c3 15.f5
cxd2+ 16.Nxd2 Qxg3 17.fxe6 fxe6 18.Qxe6+ Kd8 19.Nc4 Bb4 20.Ne5 Re8 21.Nf7+ Kc7
22.Qc4+ Bc5 23.Rd1 Ne4 24.Rhf1 Qe3+ {#R} 0-1

[Event "It (open)"]
[Site "Vantaa (Finland)"]
[Round "2"]
[White "Salimaki Janne (FIN)"]
[Black "Terasalo Kari (FIN)"]
[Result "1-0"]
[WhiteElo "2201"]
[BlackElo "1894"]

1.e4 c6 2.d4 d5 3.Nc3 dxe4 4.Nxe4 Bf5 5.Ng3 Bg6 6.h4 h6 7.f4 Qc7 8.Nf3 Nd7
9.h5 Bh7 10.Bd3 Bxd3 11.Qxd3 e6 12.Bd2 Ngf6 13.O-O-O Nd5 14.Ne5 Nxe5 15.fxe5
Be7 16.Rhf1 Bg5 17.Ne4 Bxd2+ 18.Rxd2 O-O 19.Rdf2 Rad8 20.g4 Qe7 21.Qd2 f6
22.exf6 Nxf6 23.Nxf6+ Rxf6 24.Rxf6 gxf6 25.Qxh6 Rxd4 26.Qxf6 Qxf6 27.Rxf6 e5
28.g5 Kg7 29.h6+ Kg8 30.g6 Rh4 31.g7 {#r} 1-0

[Event "Simultan"]
[Site "Ajelat"]
[Round "0"]
[White "Short Nigel D (ENG)"]
[Black "Benhadi Aziz Madani (ALG)"]
[Result "1/2-1/2"]
[WhiteElo "2687"]
[BlackElo "2155"]

1.e4 c6 2.d4 d5 3.Nc3 dxe4 4.Nxe4 Bf5 5.Ng3 Bg6 6.h4 h6 7.f4 Qc7 8.Nf3 Nd7
9.c3 e6 10.Bc4 O-O-O 11.Qe2 Ngf6 12.h5 Bh7 13.O-O Bd6 14.Ne5 Nb6 15.Nxf7 Nxc4
16.Nxd8 Rxd8 17.Qxc4 Nd5 18.Bd2 g5 19.Rae1 gxf4 20.Ne4 Bf5 21.b4 Rg8 22.Rf2
Be7 23.b5 Bh4 24.bxc6 Bxf2+ 25.Kxf2 Qg7 26.cxb7+ Kb8 27.Qf1 Bxe4 28.Rxe4 Qg3+
29.Ke2 Qxg2+ 30.Qxg2 Rxg2+ 31.Kd3 Rg3+ 32.Kc4 Kxb7 33.Rxe6 Nb6+ 34.Kb3 f3
35.Rxh6 Rg2 36.Rf6 Rxd2 37.Rxf3 a5 38.a4 Rh2 39.Rf5 Ka6 40.d5 Nd7 41.d6 Kb6
42.Rb5+ Kc6 43.Rxa5 Kxd6 44.Kb4 Rb2+ {#d} 1/2-1/2

[Event "It (open)"]
[Site "Cappelle la Grande (France)"]
[Round "4"]
[White "Brustman Agnieszka (POL)"]
[Black "Hauchard Arnaud (FRA)"]
[Result "0-1"]
[WhiteElo "2334"]
[BlackElo "2487"]

{ Brustman Agnieszka (POL) +4 =0 -1 Hauchard Arnaud (FRA) +1 =5 -0 } 1.e4 { 1
} 1...c6 2.d4 d5 3.Nc3 dxe4 4.Nxe4 Bf5 5.Ng3 Bg6 6.h4 h6 7.f4 e6 8.h5 Bh7
9.Nf3 Nd7 10.Bd3 Bxd3 11.Qxd3 Qc7 ( 11...Ngf6 12.Bd2 Bd6 13.Ne5 c5 14.O-O-O
Qc7 15.Nxd7 Qxd7 16.dxc5 Bxc5 17.Qxd7+ Kxd7 18.f5 Kc6 19.fxe6 fxe6 20.Rhe1
Rhe8 21.Ne4 Be7 22.Nxf6 Bxf6 23.Be3 a6 24.Rd3 Rad8 25.Red1 { 1/2-1/2,
Fressinet Laurent 2455 - Hauchard Arnaud 2500 , Meribel 1998 Ch France
(play-off) } ) 12.Bd2 O-O-O ( 12...Ngf6 13.O-O-O c5 14.dxc5 Bxc5 15.Ne4 O-O
16.Kb1 Rfd8 17.Nxf6+ Nxf6 18.Qe2 Rd5 19.c4 Rxh5 20.Nh4 Bd4 21.g4 Rc5 22.Nf3
Bxb2 23.Kxb2 Rxc4 24.Rc1 Qb6+ 25.Ka1 Rxc1+ 26.Bxc1 Nxg4 27.Rg1 Qf2 28.Qd3 Qc5
29.Bb2 h5 30.Rg2 Rc8 31.Ne5 Qe3 32.Qd1 { ...1-0, McDonald Neil R 2500 -
Lorincz Istvan 2370 , Budapest 1996 Memorial Elekes } ) 13.Qe2 c5 ( 13...Ngf6
14.Ne5 Nb6 15.c3 c5 16.O-O Kb8 17.a4 cxd4 18.a5 d3 19.Nxd3 Nc4 20.Be1 Ng4
21.b4 f5 22.Rf3 Bd6 23.Qxe6 Rhe8 24.Qxf5 Nge3 25.Qg6 Nc2 26.Rc1 Nxe1 27.Rxe1
Rxe1+ 28.Nxe1 Bxf4 29.Nd3 Ne5 30.Nxe5 Qxe5 31.Qg4 Qe1+ 32.Nf1 Bd6 33.Re3 {
...1-0, Mortensen Erling 2470 - Rasmussen Karsten 2455 , Sommerskak 1993 It }
) 14.Ne5 Nb6 15.dxc5 Bxc5 { ? } 16.O-O-O Nf6 17.Kb1 Rhe8 ( 17...Bd4 18.Ba5 Rd5
19.c4 Rxe5 20.fxe5 Qxe5 21.Rhe1 Qxa5 22.Rxd4 Nbd7 23.c5 Qc7 24.Ne4 Nxe4
25.Qxe4 Nf6 26.Qf3 Rd8 27.Rxd8+ Kxd8 28.Qa3 a6 29.c6 Ke8 30.cxb7 Qxb7 31.g4
Nd5 32.Rc1 f6 33.Qd6 Kf7 34.Rc6 { 1-0, Kavalek Lubomir 2565 - Saidy Anthony F
2425 , Las Palmas 1973 It } ) 18.Bc1 Bd6 { } ( 18...Kb8 19.Rhf1 Bd6 20.Rde1
Nfd5 21.Rf3 f6 22.Ng6 e5 23.fxe5 Bxe5 24.Nxe5 Rxe5 25.Qf2 Nc4 26.Rd3 Rxe1
27.Qxe1 Ne5 28.Rd4 Ne7 29.Re4 Qd6 30.b3 Rd7 31.Bf4 N7c6 32.Nf5 Qd5 33.Re2 Kc8
34.Rd2 Qe6 35.Qe4 Rxd2 36.Bxd2 Qd7 37.Bc1 b5 38.Bf4 { ...1-0, Hort Vlastimil
2605 - Garcia Palermo Carlos 2485 , Reggio Emilia 1984 } ) 19.Rhf1 { N } (
19.Rhe1 Nfd5 20.Rd4 Bc5 21.Rd3 f5 22.c4 Nf6 23.Rxd8+ Rxd8 24.Nd3 Kb8 25.b3 Bf8
26.Bb2 Qd7 27.Ne5 Qd2 28.Nf3 Qxe2 29.Rxe2 Bd6 30.Nd4 Re8 31.Nxe6 { 1-0, Mokry
Karel 2455 - Garcia Palermo Carlos 2520 , Polanica Zdroj 1985 It (cat.9) } )
19...Kb8 20.Rd3 Nfd5 21.Qg4 Rc8 22.Qd1 Bxe5 23.fxe5 Nc4 24.Ne2 { ?! } ( 24.Nf5
Nb4 25.Rd7 Qa5 26.a3 { } ) 24...Nxe5 25.Rd4 Ka8 26.Nf4 Nf6 27.Rd2 Ne4 28.Rd4
f5 29.Nd3 { ?! } ( 29.c3 Qc6 30.Nd3 Qb5 31.Qb3 { } ) 29...Nc6 { ?! } (
29...Nc4 30.Ne1 Red8 31.Ka1 Rxd4 { } ) 30.Ra4 Qb6 31.Ka1 Red8 32.Bf4 { ?! } (
32.g4 Nd4 33.c3 Rxc3 34.Be3 { } ) 32...Qb5 33.c4 Qb6 34.Qb1 { ?! } ( 34.Qe2
Qd4 35.Rd1 b5 36.Ra6 { } ) 34...Qd4 35.Nc1 e5 36.Nb3 Qd3 37.Qxd3 Rxd3 38.Bc1
Ng3 39.Re1 Nxh5 40.Nc5 Rg3 41.b4 b6 { ?! } ( 41...e4 42.Nd7 Rd8 43.Rd1 e3 { }
) 42.Nd7 Kb7 43.b5 Nd4 44.Rxe5 Rc7 45.Rd5 Nxb5 46.cxb5 { ?! } ( 46.Bd2 Nc3
47.Bxc3 Rxc3 48.c5 { } ) 46...Rxc1+ 47.Kb2 Rf1 48.Ne5 Rxg2+ 49.Kb3 Rb1+ 50.Kc3
Nf6 51.Rd8 Rxb5 52.Nc4 Rc5 53.Kb4 Nd5+ 54.Ka3 Rxa2+ 55.Kxa2 Nc3+ 56.Kb3 Nxa4
57.Rd7+ Rc7 58.Nd6+ Kc6 59.Rd8 Nc5+ 60.Ka2 Ne6 { } {#R} 0-1